Ekonomické problémy technické normalizace

Guardado en:
Detalles Bibliográficos
Autor principal: Morozov, N.P
Formato: Libro
Lenguaje:checo
Publicado: Praha Státní nakladatelství technické literatury 1989
Etiquetas: Agregar Etiqueta
Sin Etiquetas, Sea el primero en etiquetar este registro!

MARC

LEADER 00000nam a2200000 4500
001 c036409
005 20250929135013.6
041 0 |a cze 
044 |a CZ 
245 1 0 |a Ekonomické problémy technické normalizace  |c N.P. Morozov ; [Z rus. prel.] Vladimír Kalugin 
264 1 |a Praha  |b Státní nakladatelství technické literatury  |c 1989 
300 |a 114 s. 
100 1 |a Morozov, N.P.